000 00598nam a22001937a 4500
005 20260212115858.0
010 _aENG-147826
020 _a9789391657987
_c350.00
035 _aEN-131358
037 _bDBAD
082 _a006.3
_21
100 _aKola, Ravi Kumar
_987332
245 _aPrompting Intelligence AI For Zoologists/
_cRavi Kumar Kola
250 _a1
260 _aNew Delhi
_bAryan Publication
_c2025
270 _a110,Gali no.4, Harphool Vihar,Bapraula
_bNew Delhi
_e110043
_maryanpublication@gmail.com
300 _a94p.
_c22cm(hb)
942 _2ddc
_cEN
_h006.3
_mKOL
999 _c214831
_d214831